The new pavilions / (Record no. 10392)

000 -LEADER
fixed length control field 00502cam a22001935i 4500
003 - CONTROL NUMBER IDENTIFIER
control field OSt
005 - DATE AND TIME OF LATEST TRANSACTION
control field 20220315144705.0
008 - FIXED-LENGTH DATA ELEMENTS--GENERAL INFORMATION
fixed length control field 151208s2016 nyu 000 0 eng
020 ## - INTERNATIONAL STANDARD BOOK NUMBER
International Standard Book Number 9780500343227 (hardcover)
040 ## - CATALOGING SOURCE
Original cataloging agency DLC
Language of cataloging eng
Description conventions rda
Transcribing agency DLC
042 ## - AUTHENTICATION CODE
Authentication code pcc
082 ## - DEWEY DECIMAL CLASSIFICATION NUMBER
Classification number 725.9
Item number JOD
100 1# - MAIN ENTRY--PERSONAL NAME
Personal name Jodidio, Philip.
245 14 - TITLE STATEMENT
Title The new pavilions /
Statement of responsibility, etc Philip Jodidio.
263 ## - PROJECTED PUBLICATION DATE
Projected publication date 1609
300 ## - PHYSICAL DESCRIPTION
Extent pages cm
942 ## - ADDED ENTRY ELEMENTS (KOHA)
Source of classification or shelving scheme
955 ## - COPY-LEVEL INFORMATION (RLIN)
Classification number, CCAL (RLIN) pc17 2015-12-08
-- xn11 2017-02-14 1 copy rec'd., to USASH
Holdings
Withdrawn status Lost status Source of classification or shelving scheme Damaged status Koha normalized classification for sorting Not for loan Permanent location Current location Date acquired Source of acquisition Cost, normal purchase price Full call number Barcode Date last seen Cost, replacement price Price effective from Koha item type
        725_900000000000000_JOD   BMS College of Architecture, Design and Planning BMS College of Architecture, Design and Planning 2022-03-15 1 1870.50 725.9 JOD AR-UG2559 2022-03-15 2672.14 2022-03-15 UG Books
Copyright © 2025, The Librarian, Library and Information Centre, BMSCA D&P, Bengaluru. All Rights Reserved
web counter

Powered by Koha